Complex-Symetric Spaces Dissertation zur Erlangung des Grades eines Doktors der Naturwissenschaften der Abteilung für Mathematik an der Ruhr-Universität Bochum

Enregistré dans:
Détails bibliographiques
Auteur principal: Lehmann, Ralf
Format: Livre
Langue:allemand
Publié: Bochum Ruhr-Unicersität 1988
Édition:1. Aufl.
Tags: Ajouter un tag
Pas de tags, Soyez le premier à ajouter un tag!

MARC

LEADER 00000nam a2200000 4500
001 c028276
005 20221219110839.2
041 0 |a ger 
044 |a DE 
245 1 0 |a Complex-Symetric Spaces  |b Dissertation zur Erlangung des Grades eines Doktors der Naturwissenschaften der Abteilung für Mathematik an der Ruhr-Universität Bochum  |c Ralf Lehmann 
250 |a 1. Aufl. 
264 1 |a Bochum  |b Ruhr-Unicersität  |c 1988 
300 |a 160 s. 
100 1 |a Lehmann, Ralf